Partnering : contemporary practical and legal issues in the construction industry. (Record no. 100139)
[ view plain ]
| 000 -LEADER | |
|---|---|
| fixed length control field | 00540cam a2200157 4500 |
| 008 - FIXED-LENGTH DATA ELEMENTS--GENERAL INFORMATION | |
| fixed length control field | 000000n2000 000 0 eng u |
| 020 ## - INTERNATIONAL STANDARD BOOK NUMBER | |
| International Standard Book Number | 1902375394 |
| 035 ## - SYSTEM CONTROL NUMBER | |
| System control number | (Sirsi) u103521 |
| 100 ## - MAIN ENTRY--PERSONAL NAME | |
| Personal name | Critchlow, Julian |
| 245 ## - TITLE STATEMENT | |
| Title | Partnering : contemporary practical and legal issues in the construction industry. |
| 260 ## - PUBLICATION, DISTRIBUTION, ETC. | |
| Place of publication, distribution, etc. | Witney |
| Name of publisher, distributor, etc. | Chandos Publishing |
| Date of publication, distribution, etc. | 2000 |
| 350 ## - PRICE (NR) (BK AM CF MU VM SE) [OBSOLETE] | |
| Price | 59.95 |
| 520 ## - SUMMARY, ETC. | |
| Summary, etc. | 2nd edition of Making Partnering Work. Due to be published October 2001. TITLE ABANDONED FEBRUARY 2002 |
| 700 ## - ADDED ENTRY--PERSONAL NAME | |
| Personal name | Barlow, James |
| 942 ## - ADDED ENTRY ELEMENTS (KOHA) | |
| Suppress in OPAC | 0 |
No items available.